000 00799nam a2200229Ia 4500
003 GCL
008 140319s9999 xx 000 0 ara d
020 _a5026339977
040 _aGCL /
_cGCL
082 0 4 _aق
_b322.1
_bع ا
100 1 _aعبداللطيف المناوى
245 1 0 _aالاقباط الكنيسة أم الوطن ؟ /
_cعبداللطيف المناوى
250 _aالاولى
260 _aالقاهرة :
_bأطلس للنشر والانتاج الاعلامى ،
_c2005
300 _a272 ص ؛
_c24 سم
650 0 4 _aالكنيسة والمشاكل الاجتماعية
650 0 4 _aالاقباط
650 0 4 _aالمسيحية - مصر
650 0 4 _aالبابا شنودة الثالث
650 0 4 _aالمسيحية - دفع مطاعن
942 _2ddc
_cBK
999 _c9393
_d9393